000 00905nam a2200193 i 4500
001 151348
003 ES-MaACL
005 20230906203956.0
008 990721s1743 fr a |||| | fre d
040 _aLR
_bspa
_cLR
110 2 _aAcadémie des inscriptions et belles-lettres (Francia)
_91230
245 1 0 _aMemoires de Litterature, tirez des registres de l'Academie Royale des Inscriptions et Belles Lettres, depuis l'année MDCCXXXVIII jusques & compris l'année MDCCXL
_b: tome quinziéme.
260 _aA Paris :
_bde l'Imprimerie Royale,
_c1743.
300 _a[6], 816 p., [4] h. de grab. ;
_c25 cm.
597 _aSign. : *3, A-Z4, 2A-2Z4, 3A-3Z4, 4A-4Z4, 5A-5K4.
597 _aPort. con viñeta xil.
599 _aLas h. de grab. son calc.
852 _aES-MaACL
_jR-1298-1343
_z-- Enc. piel con super-libris dorado con león rampante
_x-- Edic.: *\p3\s, A-5K\p4\s
_x Olim: G-13300-45
999 _c151348
_d151348